Species of Crocodilians - Statistics

General Stats
  • This quiz has been taken 18 times
  • The average score is 17 of 28
Answer Stats
Answer % Correct
American Alligator
100%
Gharial
94%
Nile Crocodile
94%
Black Caiman
88%
Saltwater Crocodile
82%
Spectacled Caiman
82%
Freshwater Crocodile
76%
American Crocodile
71%
Chinese Alligator
71%
Dwarf Crocodile
71%
Mugger Crocodile
71%
False Gharial
65%
Cuban Crocodile
59%
Cuvier's Dwarf Caiman
59%
Orinoco Crocodile
59%
Philippine Crocodile
59%
Yacare Caiman
59%
West African Crocodile
53%
Central African Slender-Snouted Crocodile
47%
Morelet's Crocodile
47%
New Guinea Crocodile
47%
West African Slender-Snouted Crocodile
47%
Broad-Snouted Caiman
41%
Siamese Crocodile
41%
Smooth-Fronted Caiman
41%
Borneo Crocodile
29%
Osborn's Dwarf Crocodile
29%
Hall's New Guinea Crocodile
24%
No matching quizzes found
Score Distribution
Percent of People with Each Score
Percentile by Number Answered
Your Score History
You have not taken this quiz